[Event "PRO League KO Stage 2020"]
[Site "chess.com INT"]
[Date "2020.03.04"]
[Round "1"]
[White "Lagarde, Maxime"]
[Black "Guseinov, Gadir"]
[Result "1-0"]
[WhiteTitle "GM"]
[BlackTitle "GM"]
[WhiteElo "2658"]
[BlackElo "2665"]
[WhiteTeam "France Roosters"]
[BlackTeam "New York Marshalls"]
[WhiteFideId "662399"]
[BlackFideId "13401378"]
[EventDate "2020.03.02"]

1. e4 c5 2. Nf3 g6 3. c3 d5 4. e5 Nc6 5. d4 cxd4 6. cxd4 Bg4 7. Nbd2 Qa5 8. Qb3
Qb4 9. Bb5 Qxb3 10. Bxc6+ bxc6 11. axb3 Bd7 12. Nf1 e6 13. Be3 h5 14. Ke2 Ne7
15. N1d2 Nf5 16. Rhc1 Be7 17. h3 O-O 18. g4 hxg4 19. hxg4 Nxe3 20. fxe3 Rfc8 21.
Rh1 Kg7 22. Rh2 Rh8 23. Rxh8 Kxh8 24. Rc1 Kg7 25. Ne1 Rh8 26. Ndf3 Rb8 27. Ra1
Be8 28. Rxa7 Kf8 29. Nd3 Rxb3 30. Ra8 Rb7 31. Kd2 Rd7 32. Nc5 Rd8 33. Ra7 Rb8
34. Kc3 Rb5 35. b4 Rb8 36. Ne1 Bg5 37. Nc2 Bh4 38. Nb7 Be7 39. Ne1 Bg5 40. Kd2
Be7 41. Nd3 Rc8 42. Ndc5 Rb8 43. Kc3 Bg5 44. Kd3 Be7 45. Nd6 Rd8 46. Ncb7 Rb8
47. Kc3 Bd7 48. Na5 Be8 49. Nxe8 Bxb4+ 50. Kd3 1-0

[Event "PRO League KO Stage 2020"]
[Site "chess.com INT"]
[Date "2020.03.04"]
[Round "1"]
[White "Gozzoli, Yannick"]
[Black "Moranda, Wojciech"]
[Result "1-0"]
[WhiteTitle "GM"]
[BlackTitle "GM"]
[WhiteElo "2599"]
[BlackElo "2605"]
[WhiteTeam "France Roosters"]
[BlackTeam "New York Marshalls"]
[WhiteFideId "616915"]
[BlackFideId "1122401"]
[EventDate "2020.03.02"]

1. d4 Nf6 2. Nf3 e6 3. c4 d5 4. Nc3 c6 5. Bg5 Nbd7 6. e3 Qa5 7. cxd5 exd5 8. Bd3
Ne4 9. O-O Nxg5 10. Nxg5 Nf6 11. f4 h6 12. Nf3 Bg4 13. Qb3 Qb6 14. Ne5 Qxb3 15.
axb3 Bc8 16. e4 dxe4 17. Nxe4 Be7 18. Rfe1 O-O 19. Bc4 Bb4 20. Re2 Nxe4 21. Rxe4
Bf5 22. Re2 a5 23. g4 Be6 24. f5 Bxc4 25. bxc4 Rad8 26. Nf3 Rd7 27. Kf2 Rfd8 28.
Re4 g6 29. Ke3 Kg7 30. Rf1 Bd6 31. f6+ Kf8 32. h4 b5 33. g5 h5 34. c5 Bc7 35.
Kd3 Rd5 36. Re7 Bg3 37. Ke4 Re8 38. Rxe8+ Kxe8 39. b3 Kd7 40. Ra1 Bc7 41. Ne1
Ke6 42. Nd3 Rf5 43. Rg1 Bh2 44. Rg2 Bc7 45. Rg1 Bh2 46. Rh1 Bg3 47. Ra1 Bc7 48.
Ra2 Rf1 49. d5+ cxd5+ 50. Kd4 Re1 51. Nxe1 1-0

[Event "PRO League KO Stage 2020"]
[Site "chess.com INT"]
[Date "2020.03.04"]
[Round "1.1.1"]
[White "Moranda, Wojciech"]
[Black "Gozzoli, Yannick"]
[Result "1/2-1/2"]
[WhiteTitle "GM"]
[BlackTitle "GM"]
[WhiteElo "2605"]
[BlackElo "2599"]
[WhiteTeam "New York Marshalls"]
[BlackTeam "France Roosters"]
[WhiteFideId "1122401"]
[BlackFideId "616915"]
[EventDate "2020.03.02"]

1. d4 d5 2. c4 c6 3. Nc3 Nf6 4. e3 e6 5. Nf3 a6 6. b3 Bb4 7. Bd2 Nbd7 8. Bd3 O-O
9. O-O Qe7 10. Qc2 e5 11. dxe5 Nxe5 12. Nxe5 Qxe5 13. cxd5 cxd5 14. Ne2 Bxd2 15.
Qxd2 Bf5 16. Bxf5 Qxf5 17. Nd4 Qe5 18. a4 Rac8 19. Rac1 g6 20. Qb4 Rc7 21. Nf3
Qe7 22. Qxe7 Rxe7 23. Rc2 Rd8 24. Rfc1 Rdd7 25. Rc8+ Kg7 26. Nd4 Ne4 27. a5 h5
28. R8c2 Nf6 29. h3 Ne4 30. f3 Nf6 31. Kf2 Ne8 32. Rc5 Nf6 33. g4 hxg4 34. hxg4
Ne8 35. b4 Nc7 36. Rd1 Ne6 37. Nxe6+ fxe6 38. Rdc1 e5 39. Rd1 d4 40. Ke2 Kf6 41.
Rd3 dxe3 42. Rxe3 Rd4 43. Rb3 Red7 44. b5 axb5 45. Rcxb5 R7d5 46. Rxd5 Rxd5 47.
Rxb7 Rxa5 48. Ke3 Kg5 49. Rf7 Ra4 50. Rf8 Rb4 51. Rf7 Ra4 52. Rf8 Rb4 53. Rf7
Ra4 1/2-1/2

[Event "PRO League KO Stage 2020"]
[Site "chess.com INT"]
[Date "2020.03.04"]
[Round "1.1.2"]
[White "Lagarde, Maxime"]
[Black "Guseinov, Gadir"]
[Result "1-0"]
[WhiteTitle "GM"]
[BlackTitle "GM"]
[WhiteElo "2658"]
[BlackElo "2665"]
[WhiteTeam "France Roosters"]
[BlackTeam "New York Marshalls"]
[WhiteFideId "662399"]
[BlackFideId "13401378"]
[EventDate "2020.03.02"]

1. e4 c5 2. Nf3 Nc6 3. Bb5 d6 4. c3 Bd7 5. O-O Nf6 6. Re1 a6 7. Bf1 Bg4 8. h3
Bxf3 9. Qxf3 e6 10. d3 Ke7 11. Be3 Ke8 12. Nd2 Be7 13. d4 Qc7 14. Qg3 Nh5 15.
Qg4 g6 16. Rad1 Rd8 17. d5 exd5 18. exd5 Ne5 19. Qe2 f5 20. f4 Nf7 21. Qf2 Rd7
22. a4 Kf8 23. Nc4 Qd8 24. g3 Rg8 25. Kh2 Kg7 26. a5 Nf6 27. Bg2 Nh6 28. Qd2 Re8
29. b4 cxb4 30. cxb4 Bf8 31. Bd4 Ng8 32. Nb6 Rde7 33. Qc3 Rxe1 34. Rxe1 Rxe1 35.
Qxe1 Qe7 36. Qe6 Kh6 37. Bf3 Bg7 38. Kg2 Nxd5 39. Qxd5 Nf6 40. Qxb7 Qe1 41. Bf2
Qd2 42. Nd7 Nh5 43. Qd5 Qb2 44. Nb6 Bc3 45. Nc4 Qc2 46. Nxd6 Be1 47. Qd4 Nf6 48.
Nf7+ 1-0

[Event "PRO League KO Stage 2020"]
[Site "chess.com INT"]
[Date "2020.03.04"]
[Round "1.1.3"]
[White "Fedoseev, Vladimir3"]
[Black "Lagarde, Maxime"]
[Result "0-1"]
[WhiteTitle "GM"]
[BlackTitle "GM"]
[WhiteElo "2678"]
[BlackElo "2658"]
[WhiteTeam "New York Marshalls"]
[BlackTeam "France Roosters"]
[WhiteFideId "24130737"]
[BlackFideId "662399"]
[EventDate "2020.03.02"]

1. d4 f5 2. Bf4 Nf6 3. e3 d6 4. c4 h6 5. h4 g6 6. Nc3 Bg7 7. Nf3 Nc6 8. d5 e5 9.
dxe6 Bxe6 10. Qb3 Qd7 11. Be2 Rb8 12. Qa4 O-O 13. Nd2 a6 14. O-O-O Qf7 15. Nf3
Nd7 16. h5 g5 17. Bxg5 Nc5 18. Qc2 Nb4 19. Qb1 Bxc4 20. Bxc4 Qxc4 21. Rh4 Ne4
22. Nd2 Nd3+ 23. Kc2 Nb4+ 24. Kc1 Qc6 25. Nxe4 fxe4 26. Qxe4 Nxa2+ 27. Kc2 Rxf2+
28. Rd2 Rxd2+ 29. Kxd2 Nxc3 30. Qe6+ Kh8 31. Bxh6 Qd5+ 32. Qxd5 Nxd5 33. Bg5
Bxb2 34. Re4 Be5 35. Rc4 c5 36. g4 b5 37. Rc1 b4 0-1

[Event "PRO League KO Stage 2020"]
[Site "chess.com INT"]
[Date "2020.03.05"]
[Round "1"]
[White "Zhao, Jun"]
[Black "Swiercz, Dariusz"]
[Result "1/2-1/2"]
[WhiteTitle "GM"]
[BlackTitle "GM"]
[WhiteElo "2638"]
[BlackElo "2649"]
[WhiteTeam "China Pandas"]
[BlackTeam "California Unicorns"]
[WhiteFideId "8602522"]
[BlackFideId "1126881"]
[EventDate "2020.03.02"]

1. e4 c5 2. Nf3 d6 3. d4 cxd4 4. Nxd4 Nf6 5. Nc3 a6 6. Be3 e5 7. Nf3 Be7 8. Bc4
Be6 9. Bb3 Nbd7 10. O-O Rc8 11. Qe2 Nc5 12. Bg5 Nxb3 13. cxb3 O-O 14. Rfd1 Ng4
15. Bxe7 Qxe7 16. h3 Nf6 17. Ne1 Rfd8 18. Qf3 b5 19. b4 Qb7 20. Nc2 d5 21. exd5
Bxd5 22. Qg3 Ne4 23. Nxe4 Bxe4 24. Ne3 f6 25. Qg4 Bg6 26. Rxd8+ Rxd8 27. Rc1 Qf7
28. Rc8 Re8 29. Rxe8+ Qxe8 30. Qf3 Bf7 31. Qb7 Bxa2 32. Nf5 Bf7 33. Nd6 Qf8 34.
Qxa6 Bd5 35. Qb6 h6 36. Qc5 Qa8 37. f3 Be6 38. Qxb5 Qa1+ 39. Kh2 Kh7 40. Qe8 Qc1
41. Qxe6 Qf4+ 42. Kh1 Qc1+ 43. Kh2 Qf4+ 44. Kg1 Qc1+ 45. Kf2 Qd2+ 46. Kg3 Qf4+
47. Kf2 Qd2+ 48. Kg1 Qc1+ 49. Kh2 1/2-1/2

[Event "PRO League KO Stage 2020"]
[Site "chess.com INT"]
[Date "2020.03.05"]
[Round "1"]
[White "Li, Chao b"]
[Black "Oparin, Grigoriy"]
[Result "1/2-1/2"]
[WhiteTitle "GM"]
[BlackTitle "GM"]
[WhiteElo "2683"]
[BlackElo "2652"]
[WhiteTeam "China Pandas"]
[BlackTeam "California Unicorns"]
[WhiteFideId "8604436"]
[BlackFideId "24125890"]
[EventDate "2020.03.02"]

1. d4 Nf6 2. c4 e6 3. Nc3 Bb4 4. Qc2 d6 5. Nf3 O-O 6. Bd2 e5 7. a3 Bxc3 8. Bxc3
e4 9. Nd2 e3 10. fxe3 Re8 11. Qd3 b5 12. d5 Nbd7 13. g3 bxc4 14. Qd4 Ne5 15. Bg2
Ba6 16. O-O Nfd7 17. Ne4 Nb6 18. a4 Bb7 19. Nd2 a5 20. Rf4 f6 21. b3 1/2-1/2

[Event "PRO League KO Stage 2020"]
[Site "chess.com INT"]
[Date "2020.03.05"]
[Round "1"]
[White "Naroditsky, Daniel"]
[Black "Yu, Yangyi"]
[Result "1/2-1/2"]
[WhiteTitle "GM"]
[BlackTitle "GM"]
[WhiteElo "2621"]
[BlackElo "2709"]
[WhiteTeam "California Unicorns"]
[BlackTeam "China Pandas"]
[WhiteFideId "2026961"]
[BlackFideId "8603820"]
[EventDate "2020.03.02"]

1. e4 e5 2. Nf3 Nf6 3. Nxe5 d6 4. Nf3 Nxe4 5. Qe2 Qe7 6. d3 Nf6 7. Bg5 Qxe2+ 8.
Bxe2 Be7 9. Nc3 h6 10. Bh4 c6 11. O-O-O Na6 12. d4 Nc7 13. Rhe1 Be6 14. Bd3
O-O-O 15. h3 Rhe8 16. Bg3 Nfd5 17. Nxd5 Bxd5 18. Re3 Bf6 19. a3 Ne6 20. Be4 Bxe4
21. Rxe4 d5 22. Re3 Ng5 23. Ne5 Re7 24. f3 Rde8 25. Rde1 Bxe5 26. Rxe5 Rxe5 27.
Rxe5 Rxe5 28. Bxe5 f6 29. Bf4 Ne6 30. Be3 f5 31. Kd2 f4 32. Bf2 g5 33. Kd3 b5
34. b3 Kd7 35. h4 Ng7 36. hxg5 hxg5 37. g4 fxg3 38. Bxg3 Nf5 39. Be5 Ke6 40. Bc7
Nh4 41. Ke3 Kf5 42. Bb8 a6 43. Bg3 Ng6 44. Bd6 Nh4 45. Bg3 Ng2+ 46. Kf2 Nf4 47.
Ke3 Ne6 48. Bd6 Ng7 49. Be5 Ne6 50. Bd6 Kg6 51. Be5 Kh5 52. Bd6 Kh4 53. Be5 Kh3
54. Kf2 Nf4 55. Bf6 Kh4 56. Be5 Ne6 57. Bg3+ Kh3 58. Be5 Kh4 59. Bg3+ Kh5 60.
Be5 Kg6 61. Ke3 Kf5 62. Bd6 1/2-1/2

[Event "PRO League KO Stage 2020"]
[Site "chess.com INT"]
[Date "2020.03.05"]
[Round "1"]
[White "Swiercz, Dariusz"]
[Black "Li, Chao b"]
[Result "1-0"]
[WhiteTitle "GM"]
[BlackTitle "GM"]
[WhiteElo "2649"]
[BlackElo "2683"]
[WhiteTeam "California Unicorns"]
[BlackTeam "China Pandas"]
[WhiteFideId "1126881"]
[BlackFideId "8604436"]
[EventDate "2020.03.02"]

1. e4 c6 2. d4 d5 3. exd5 cxd5 4. Bd3 Nc6 5. c3 Qc7 6. h3 e6 7. Nf3 Bd6 8. O-O
Nge7 9. Re1 h6 10. b3 b6 11. Na3 a6 12. Nc2 O-O 13. Ne3 f5 14. c4 Bd7 15. Bb2
Nb4 16. Bf1 a5 17. a3 Nbc6 18. Rc1 Qb7 19. cxd5 exd5 20. Bb5 Rae8 21. Qd3 Bf4
22. Rcd1 Qc7 23. Bxc6 Qxc6 24. Ne5 Qd6 25. Bc1 Bg5 26. Nf1 f4 27. Nxd7 Qxd7 28.
Nh2 Qf5 29. Qb5 Qg6 30. Nf3 Qc6 31. Qd3 Qg6 32. h4 Qxd3 33. Rxd3 Bf6 34. Bxf4
Nf5 35. Rxe8 Rxe8 36. g3 b5 37. Be5 Be7 38. a4 bxa4 39. bxa4 Rc8 40. Nd2 Bb4 41.
Kg2 Rc2 42. Nf3 Ra2 43. g4 Ne7 44. Rd1 Rxa4 45. Rc1 Ra3 46. Rc7 Ra2 47. h5 a4
48. Nh4 Ra1 49. Ng6 Kf7 50. Ra7 Ra2 51. Nxe7 Bxe7 52. Bd6 Re2 53. Kf3 Re6 54.
Bxe7 Rxe7 55. Rxa4 Re4 56. Kg3 g5 57. f3 Rf4 58. Ra6 Kg7 59. Ra7+ Kg8 60. Ra6
Kg7 61. Ra4 Kf7 62. Kf2 Rf6 63. Ra7+ Ke8 64. Ra5 Rd6 65. Ke3 Kf8 66. Ra8+ Kf7
67. Ra7+ Kf8 68. Ra5 Kf7 69. Kd3 Rf6 70. Ke2 Rd6 71. Rb5 Re6+ 72. Kf2 Rd6 73.
Rc5 Kf8 74. Kg3 Kf7 75. Rc7+ Kf8 76. Rh7 Kg8 77. Re7 Kf8 78. Re5 Kf7 79. Kf2 Kf8
80. Kg1 Kf7 81. Kg2 Ra6 82. Rxd5 Ke6 83. Re5+ Kd6 84. Rf5 Ke6 85. Kg3 Rd6 86.
Re5+ Kf6 87. Re4 Rd5 88. f4 gxf4+ 89. Kxf4 Rd6 90. Ke3 Kg5 91. Kd3 1-0

[Event "PRO League KO Stage 2020"]
[Site "chess.com INT"]
[Date "2020.03.05"]
[Round "1"]
[White "Oparin, Grigoriy"]
[Black "Zhao, Jun"]
[Result "1-0"]
[WhiteTitle "GM"]
[BlackTitle "GM"]
[WhiteElo "2652"]
[BlackElo "2638"]
[WhiteTeam "California Unicorns"]
[BlackTeam "China Pandas"]
[WhiteFideId "24125890"]
[BlackFideId "8602522"]
[EventDate "2020.03.02"]

1. Nf3 Nf6 2. g3 b6 3. d4 Bb7 4. c4 e6 5. Bg2 Be7 6. O-O O-O 7. Nc3 Ne4 8. Bd2
d6 9. d5 Nxd2 10. Nxd2 e5 11. e4 Nd7 12. Qe2 g6 13. Bh3 Bc8 14. b4 h5 15. a4 h4
16. a5 hxg3 17. hxg3 Nf6 18. Bxc8 Qxc8 19. Kg2 Kg7 20. Rh1 Qd7 21. a6 c6 22. Qd3
Rac8 23. dxc6 Qxc6 24. Rac1 Ra8 25. Nd5 Nxd5 26. cxd5 Qd7 27. Nf3 Rh8 28. b5
Rxh1 29. Rxh1 Rc8 30. Qe3 Kg8 31. Rc1 Kg7 32. Rc6 Rh8 33. Ng1 Bd8 34. Qa3 Be7
35. Qf3 Bd8 36. Qe2 Bg5 37. Qf3 Bd8 38. Qa3 Be7 39. Qc3 Bd8 40. Qc2 Rh5 41. Rc8
Rh8 42. Ra8 Bc7 43. Rxh8 Kxh8 44. Qc6 Qd8 45. Qb7 Qb8 46. Qxb8+ Bxb8 47. Ne2 Kg7
48. Nc1 Kf8 49. Nd3 Ke8 50. Nb4 Kd7 51. Nc6 Kc7 52. f4 f6 53. f5 gxf5 54. exf5
Kc8 55. g4 Kc7 56. Nxb8 Kxb8 57. g5 1-0

[Event "PRO League KO Stage 2020"]
[Site "chess.com INT"]
[Date "2020.03.05"]
[Round "1"]
[White "Yu, Yangyi"]
[Black "Abdusattorov, Nodirbek"]
[Result "1-0"]
[WhiteTitle "GM"]
[BlackTitle "GM"]
[WhiteElo "2709"]
[BlackElo "2627"]
[WhiteTeam "China Pandas"]
[BlackTeam "California Unicorns"]
[WhiteFideId "8603820"]
[BlackFideId "14204118"]
[EventDate "2020.03.02"]

1. d4 Nf6 2. c4 e6 3. Nc3 Bb4 4. e3 O-O 5. Bd3 d5 6. cxd5 exd5 7. Ne2 Re8 8. Bd2
c6 9. O-O Bd6 10. Rc1 Nbd7 11. f3 c5 12. dxc5 Bxc5 13. Nd4 Ne5 14. Be1 Bd7 15.
Bh4 Nxd3 16. Qxd3 Qb6 17. Bxf6 Qxf6 18. Nxd5 Qd6 19. e4 Rac8 20. Kh1 Qe5 21. Nb5
Bxb5 22. Qxb5 Bd6 23. g3 Rxc1 24. Rxc1 f5 25. Re1 Qe6 26. Re2 b6 27. Kg2 Qf7 28.
Nc3 fxe4 29. Nxe4 Rf8 30. Ng5 Qf5 31. Qxf5 Rxf5 32. Re8+ Rf8 33. Rxf8+ Bxf8 34.
f4 Be7 35. h4 h6 36. Ne4 h5 37. Ng5 Bf6 38. b3 Bc3 39. Kf3 Kf8 40. g4 hxg4+ 41.
Kxg4 Ke7 42. Kf5 Bd2 43. h5 Bc1 44. Ne6 Kf7 45. Nd8+ Kg8 46. Nc6 a5 47. a4 Kh7
48. Ne7 Be3 49. Nd5 Bc5 50. Kg5 Bd4 51. f5 Bc5 52. f6 gxf6+ 53. Nxf6+ Kg7 54.
h6+ Kf7 55. Ng4 Bd4 56. Kf5 Ke7 57. Kg6 Ke6 58. h7 Bc3 59. Ne3 Kd6 60. Nf5+ 1-0

[Event "PRO League KO Stage 2020"]
[Site "chess.com INT"]
[Date "2020.03.05"]
[Round "1"]
[White "Yu, Yangyi"]
[Black "Oparin, Grigoriy"]
[Result "1-0"]
[WhiteTitle "GM"]
[BlackTitle "GM"]
[WhiteElo "2709"]
[BlackElo "2652"]
[WhiteTeam "China Pandas"]
[BlackTeam "California Unicorns"]
[WhiteFideId "8603820"]
[BlackFideId "24125890"]
[EventDate "2020.03.02"]

1. d4 d5 2. c4 e6 3. Nc3 Be7 4. cxd5 exd5 5. Bf4 c6 6. e3 Bf5 7. Nge2 Nd7 8. Ng3
Be6 9. Nh5 Bf8 10. h4 Ngf6 11. Bd3 Nxh5 12. Qxh5 Nf6 13. Qe2 Bd6 14. f3 Bxf4 15.
exf4 Nh5 16. Qe5 Qf6 17. Qxh5 Qxd4 18. f5 g6 19. Qg5 gxf5 20. O-O-O h6 21. Qd2
O-O-O 22. Ne2 Qf6 23. Nf4 Kb8 24. Kb1 c5 25. Rhe1 Rd6 26. Qe3 c4 27. Bxc4 d4 28.
Qd3 Rc8 29. Nxe6 fxe6 30. f4 a6 31. g3 Rcc6 32. Bb3 Qd8 33. Rc1 Rb6 34. Re5 Ka7
35. a3 Qd7 36. Ka2 Qd8 37. Rec5 Qd7 38. Rc7 Qd8 39. R1c5 h5 40. Rc8 Qe7 41. Rg8
Rd8 42. Rxd8 Qxd8 43. Re5 Qd7 44. Bc4 Rd6 45. Qd2 Qc6 46. Qd3 Qd7 47. Re2 Qc6
48. Bb3 Qd7 49. Rd2 Qc6 50. Qe2 Qe4 51. Qf2 Kb8 52. Re2 Qc6 53. Qe1 d3 54. Rxe6
d2 55. Qe5 Kc7 56. Rxd6 Qxd6 57. Qxd6+ Kxd6 1-0

[Event "PRO League KO Stage 2020"]
[Site "chess.com INT"]
[Date "2020.03.05"]
[Round "1"]
[White "Abdusattorov, Nodirbek"]
[Black "Zhao, Jun"]
[Result "0-1"]
[WhiteTitle "GM"]
[BlackTitle "GM"]
[WhiteElo "2627"]
[BlackElo "2638"]
[WhiteTeam "California Unicorns"]
[BlackTeam "China Pandas"]
[WhiteFideId "14204118"]
[BlackFideId "8602522"]
[EventDate "2020.03.02"]

1. e4 e6 2. d4 d5 3. Nc3 dxe4 4. Nxe4 Bd7 5. Nf3 Bc6 6. Bd3 Nd7 7. O-O Ngf6 8.
Nxf6+ Qxf6 9. Be2 Bd6 10. c4 Bxf3 11. Bxf3 c6 12. Qb3 Rb8 13. Be3 O-O 14. Rad1
Bf4 15. Rfe1 Bxe3 16. Qxe3 Rfd8 17. d5 exd5 18. cxd5 cxd5 19. Rxd5 Nf8 20. b3 b6
21. Qe7 a5 22. Qxf6 gxf6 23. Re7 Ng6 24. Rb7 Rdc8 25. Rxb8 Rxb8 26. h3 Re8 27.
Kf1 Kf8 28. g3 Re5 29. Rd7 Re7 30. Rd4 Re6 31. Bg4 Rc6 32. Bf5 h6 33. Ke2 Ne7
34. Be4 Re6 35. Kf3 f5 36. Bb7 Kg7 37. Rd7 Kf6 38. Rc7 Rd6 39. Ba6 Rd2 40. Rb7
Rd6 41. Bc4 Rc6 42. a4 Rd6 43. Ke3 h5 44. h4 f4+ 45. Kxf4 Ng6+ 46. Ke4 Ne5 47.
Be2 Nd7 48. Ke3 Nc5 49. Ra7 Re6+ 50. Kf3 Nxb3 51. Bd3 Nc5 52. Bb5 Re7 53. Ra8
Re4 54. Rb8 Re6 55. g4 hxg4+ 56. Kxg4 Nxa4 57. f4 Nc5 58. h5 Kg7 59. Ra8 Rd6 60.
Ra7 Rf6 61. Bc4 Ne6 62. f5 Nd4 63. Bd3 Nc6 64. Rc7 Ne5+ 65. Kg5 Nxd3 66. Rc3 Nc5
67. Kf4 Rd6 68. Ke5 Rh6 69. Rg3+ Kf8 70. Rg1 Nd7+ 71. Kf4 Rxh5 72. Re1 Rh6 73.
Kg5 Rd6 74. Re4 Nf6 75. Rc4 Kg7 76. Kf4 b5 77. Rc5 Rb6 78. Rc2 b4 79. Ke5 b3 80.
Rg2+ Kf8 0-1

[Event "PRO League KO Stage 2020"]
[Site "chess.com INT"]
[Date "2020.03.05"]
[Round "1"]
[White "Naroditsky, Daniel"]
[Black "Li, Chao b"]
[Result "0-1"]
[WhiteTitle "GM"]
[BlackTitle "GM"]
[WhiteElo "2621"]
[BlackElo "2683"]
[WhiteTeam "California Unicorns"]
[BlackTeam "China Pandas"]
[WhiteFideId "2026961"]
[BlackFideId "8604436"]
[EventDate "2020.03.02"]

1. Nf3 d5 2. e3 Nf6 3. b3 g6 4. Bb2 Bg7 5. c4 c6 6. Be2 O-O 7. O-O a5 8. Nc3 Na6
9. cxd5 cxd5 10. Na4 Nb4 11. a3 Nc6 12. Rc1 Bf5 13. Nd4 Bd7 14. Nc5 Nxd4 15.
Bxd4 Bc6 16. b4 axb4 17. axb4 Qe8 18. Ra1 Rc8 19. Be5 b6 20. Nb3 Ba4 21. Qb1 Ne4
22. Bxg7 Kxg7 23. Qb2+ e5 24. Rfc1 Rxc1+ 25. Rxc1 Qe7 26. d3 Nf6 27. Nd2 Bb5 28.
Nf3 Nd7 29. Rc7 Qd6 30. Ra7 Rc8 31. h3 Rc7 32. Rxc7 Qxc7 33. Nxe5 Nxe5 34. f4 f6
35. fxe5 fxe5 36. Bf3 Qd6 37. Qb3 d4 38. Kf2 h5 39. Qa3 Kh6 40. Be4 Qf6+ 41. Bf3
Qg5 42. exd4 exd4 43. Qa8 Qe3+ 44. Kg3 Qe1+ 45. Kh2 Qe5+ 46. Kg1 Bxd3 47. Qf8+
Kg5 48. Qd8+ Kf4 49. Qh4+ Kf5 50. Qd8 b5 51. Qf8+ Kg5 52. Qd8+ Kf4 53. Qh4+ Kf5
54. Qd8 Bc4 55. Qf8+ Kg5 56. Qd8+ Kf4 57. Qh4+ Kf5 58. Qd8 d3 59. Kf2 Qb2+ 60.
Kg1 Qxb4 61. Qc8+ Kf6 62. Qd8+ Qe7 63. Qd4+ Qe5 64. Qd8+ Kg7 65. Qd7+ Kh6 66.
Qd8 Kh7 67. Qd7+ Qg7 68. Qd6 Qa7+ 69. Kh1 Qe3 70. Qd7+ Kh6 71. Qd8 d2 72. Qh8+
Kg5 73. Qd8+ Kf5 74. Qf8+ Ke5 75. Qe7+ Kf4 76. Qf6+ Kg3 77. Qxg6+ Kf2 78. Qxh5
Kf1 79. Kh2 Be2 80. Bxe2+ Qxe2 81. Qf5+ Ke1 82. Qb1+ d1=Q 83. Qb4+ Kf1 84. Qf4+
Qf2 0-1

[Event "PRO League KO Stage 2020"]
[Site "chess.com INT"]
[Date "2020.03.05"]
[Round "1"]
[White "Swiercz, Dariusz"]
[Black "Yu, Yangyi"]
[Result "1/2-1/2"]
[WhiteTitle "GM"]
[BlackTitle "GM"]
[WhiteElo "2649"]
[BlackElo "2709"]
[WhiteTeam "California Unicorns"]
[BlackTeam "China Pandas"]
[WhiteFideId "1126881"]
[BlackFideId "8603820"]
[EventDate "2020.03.02"]

1. d4 d5 2. Nf3 Nf6 3. g3 c6 4. Bg2 Bf5 5. O-O h6 6. b3 e6 7. Bb2 Be7 8. c4 O-O
9. Nc3 Ne4 10. Nd2 Nxd2 11. Qxd2 a5 12. e4 dxe4 13. Nxe4 Nd7 14. Rad1 Bg4 15.
Rc1 Nf6 16. Qe3 Nxe4 17. Qxe4 Bf5 18. Qf3 Bf6 19. Rfd1 Re8 20. Bc3 Bg5 21. Bd2
Bxd2 22. Rxd2 Qd6 23. Qe3 Qb4 24. a4 Rad8 25. Rdd1 Re7 26. h3 Red7 27. g4 Bg6
28. h4 Qe7 29. g5 h5 30. Bf3 Qa3 31. Kg2 Qb2 32. Rc3 e5 33. d5 e4 34. Be2 cxd5
35. cxd5 Rxd5 36. Rxd5 Rxd5 37. Bxh5 Kh7 38. Be2 Rd2 39. Bg4 1/2-1/2

[Event "PRO League KO Stage 2020"]
[Site "chess.com INT"]
[Date "2020.03.05"]
[Round "1"]
[White "Li, Chao b"]
[Black "Abdusattorov, Nodirbek"]
[Result "1/2-1/2"]
[WhiteTitle "GM"]
[BlackTitle "GM"]
[WhiteElo "2683"]
[BlackElo "2627"]
[WhiteTeam "China Pandas"]
[BlackTeam "California Unicorns"]
[WhiteFideId "8604436"]
[BlackFideId "14204118"]
[EventDate "2020.03.02"]

1. d4 d5 2. c4 e6 3. Nc3 c5 4. cxd5 exd5 5. Nf3 Nc6 6. g3 Nf6 7. Bg2 cxd4 8.
Nxd4 Bc5 9. Nb3 Bb6 10. O-O d4 11. Na4 O-O 12. Bg5 Re8 13. Qd2 h6 14. Bxf6 Qxf6
15. Nxb6 axb6 16. Rfd1 Ra4 17. Re1 Be6 18. Nc1 Rc8 19. b3 Ra3 20. Nd3 Rca8 21.
Qb2 Qg5 22. Rec1 Qa5 23. Bxc6 bxc6 24. Rxc6 Rxa2 25. Qxa2 Qxa2 26. Rxa2 Rxa2 27.
Nf4 Bf5 28. Rxb6 g5 29. Rf6 Bh7 30. Nh5 Rxe2 31. Rd6 Re1+ 32. Kg2 Be4+ 33. Kh3
Bf3 34. g4 Rg1 35. Rd8+ Kh7 36. Rxd4 Bg2+ 37. Kg3 Bc6+ 38. Kh3 f5 39. gxf5 Bg2+
40. Kg4 Bd5+ 41. Ng3 Bxb3 42. Rd7+ Kg8 43. Kh5 1/2-1/2

[Event "PRO League KO Stage 2020"]
[Site "chess.com INT"]
[Date "2020.03.05"]
[Round "1"]
[White "Zhao, Jun"]
[Black "Naroditsky, Daniel"]
[Result "0-1"]
[WhiteTitle "GM"]
[BlackTitle "GM"]
[WhiteElo "2638"]
[BlackElo "2621"]
[WhiteTeam "China Pandas"]
[BlackTeam "California Unicorns"]
[WhiteFideId "8602522"]
[BlackFideId "2026961"]
[EventDate "2020.03.02"]

1. e4 g6 2. d4 Bg7 3. Nf3 d6 4. Be2 Nf6 5. Nc3 O-O 6. O-O Nc6 7. h3 e5 8. dxe5
Nxe5 9. Nxe5 dxe5 10. Be3 Qe7 11. Nd5 Nxd5 12. Qxd5 Rd8 13. Qb3 b6 14. Rfd1 Bb7
15. f3 Bf6 16. a4 a5 17. Qc3 Rac8 18. b3 h5 19. Rxd8+ Rxd8 20. Rd1 Rxd1+ 21.
Bxd1 Ba6 22. Qd2 Bc8 23. Be2 Be6 24. Qc3 Bg5 25. Bf2 Bf4 26. h4 Qd6 27. Qd3 Qa3
28. g3 Qc1+ 29. Qd1 Qxd1+ 30. Bxd1 Bh6 31. Be2 Kf8 32. Bd3 Ke7 33. Kf1 Kd6 34.
Ke2 f5 35. Kf1 f4 36. gxf4 Bxf4 37. Ke2 Ke7 38. Be3 Kf7 39. Bxf4 exf4 40. Bc4
Bxc4+ 41. bxc4 Ke6 42. c5 Kf6 43. Kd3 Ke5 44. c3 Ke6 45. Ke2 Kf6 46. Kd3 Ke6 47.
Ke2 Kf7 48. Kd2 Kf6 49. Ke2 Ke6 50. Kd3 Kd7 51. e5 b5 52. axb5 a4 53. b6 a3 54.
b7 a2 55. b8=Q a1=Q 56. c6+ Kxc6 57. Qe8+ Kb7 58. Qb5+ Kc8 59. Qe8+ Kb7 60. e6
Qb1+ 61. Kd4 Qd1+ 62. Ke5 Qe1+ 63. Kxf4 Qxh4+ 64. Ke5 Qg5+ 65. Kd4 Qf4+ 66. Kc5
Qd6+ 67. Kb5 Qb6+ 68. Kc4 Qc6+ 69. Qxc6+ Kxc6 70. Kd4 Kd6 0-1

[Event "PRO League KO Stage 2020"]
[Site "chess.com INT"]
[Date "2020.03.05"]
[Round "1"]
[White "Demidov, Mikhail"]
[Black "Robson, Ray"]
[Result "1/2-1/2"]
[WhiteTitle "IM"]
[BlackTitle "GM"]
[WhiteElo "2512"]
[BlackElo "2673"]
[WhiteTeam "Russia Wizards"]
[BlackTeam "Chicago Wind"]
[WhiteFideId "4197143"]
[BlackFideId "2023970"]
[EventDate "2020.03.02"]

1. d4 d5 2. c4 c6 3. Nf3 Nf6 4. e3 Bg4 5. Bd3 e6 6. Nbd2 Nbd7 7. b3 Bd6 8. Bb2
O-O 9. Qc2 Bh5 10. Ne5 Bg6 11. Nxg6 hxg6 12. Nf3 Qe7 13. O-O e5 14. dxe5 Nxe5
15. Bxe5 Bxe5 16. Rad1 Rad8 17. h3 Bc7 18. cxd5 Nxd5 19. Bc4 Nb6 20. Be2 a5 21.
Rxd8 Rxd8 22. Rd1 Rxd1+ 23. Qxd1 a4 24. bxa4 Qa3 25. Qb1 Qxa4 26. Bd1 Qa3 27.
Bb3 c5 28. Nd2 Qb4 29. Qc2 c4 30. Bxc4 Nxc4 31. Qxc4 Qxd2 32. Qxc7 Qe1+ 33. Kh2
Qxf2 34. Qxb7 Qxa2 35. Qc8+ Kh7 36. Qd8 Qc4 37. Kg3 Qe6 38. Qh4+ Kg8 39. Qd8+
Kh7 40. Qh4+ Kg8 41. Qd8+ Kh7 1/2-1/2